Southville International School and Colleges
Your cart is empty.
  • Cart
  • Lists
    Public lists Eva Luna New books Lux_list list_1
    Your lists Log in to create your own lists
  • Log in to your account
  • Your cookies
  • Search history
Southville International School and Colleges
  • Advanced search
  • Recent comments
  • Most popular
  • Libraries

Log in to your account

Log in with GOOGLE


If you do not have an external account, but do have a local account, you can still log in:

  1. Home
  2. MARC view: Budgeting :
Normal view MARC view ISBD view

Budgeting : (Record no. 9587)

[ view plain ]
MARC details
000 -LEADER
fixed length control field 00753nam a2200265 4500
001 - CONTROL NUMBER
control field 1796097
003 - CONTROL NUMBER IDENTIFIER
control field SISC
005 - DATE AND TIME OF LATEST TRANSACTION
control field 20160404142312.0
008 - FIXED-LENGTH DATA ELEMENTS--GENERAL INFORMATION
fixed length control field 710407s1971 njua b 001 0 eng
010 ## - LIBRARY OF CONGRESS CONTROL NUMBER
LC control number 78145959
020 ## - INTERNATIONAL STANDARD BOOK NUMBER
International Standard Book Number 0130857203
040 ## - CATALOGING SOURCE
Original cataloging agency DLC
Transcribing agency DLC
Modifying agency DLC
050 00 - LIBRARY OF CONGRESS CALL NUMBER
Classification number HG 4028.B8
Item number .W45 1988
082 00 - DEWEY DECIMAL CLASSIFICATION NUMBER
Classification number HS 658.1
Item number W46 1988
100 1# - MAIN ENTRY--PERSONAL NAME
Personal name Welsch, Glenn A.
9 (RLIN) 14230
245 10 - TITLE STATEMENT
Title Budgeting :
Statement of responsibility, etc [by] Glenn A. Welsch.
Remainder of title profit planning and control /
250 ## - EDITION STATEMENT
Edition statement 5th ed.
260 ## - PUBLICATION, DISTRIBUTION, ETC. (IMPRINT)
Place of publication, distribution, etc Englewood Cliffs, N.J. :
Name of publisher, distributor, etc Prentice-Hall,
Date of publication, distribution, etc c1988.
300 ## - PHYSICAL DESCRIPTION
Extent 661 p. :
Other physical details ill. ;
Dimensions 24 cm.
350 ## - PRICE (NR) (BK AM CF MU VM SE) [OBSOLETE]
Price $16.50
650 #0 - SUBJECT ADDED ENTRY--TOPICAL TERM
Topical term or geographic name as entry element Budget in business.
9 (RLIN) 14231
906 ## - LOCAL DATA ELEMENT F, LDF (RLIN)
a 7
b cbc
c orignew
d 2
e ncip
f 19
g y-gencatlg
942 ## - ADDED ENTRY ELEMENTS (KOHA)
Source of classification or shelving scheme Library of Congress Classification
Koha item type Books
Holdings
Withdrawn status Lost status Source of classification or shelving scheme Damaged status Home library Current library Shelving location Date acquired Total Checkouts Full call number Barcode Date last seen Copy number Price effective from Koha item type
    Library of Congress Classification   Luxembourg Library Luxembourg Library High School Section 08/28/2013   HG 4028.B8 .W45 1988 2324 04/04/2016 1 08/28/2013 Books

Budgeting :

APA

Welsch G. A., . (1988). Budgeting. Englewood Cliffs, N.J: Prentice-Hall.

Chicago

Welsch Glenn A, . 1988. Budgeting. Englewood Cliffs, N.J: Prentice-Hall.

Harvard

Welsch G. A., . (1988). Budgeting. Englewood Cliffs, N.J: Prentice-Hall.

MLA

Welsch Glenn A, . Budgeting. Englewood Cliffs, N.J: Prentice-Hall. 1988.

  • Place hold
  • Print
  • Cite
  • Add to your cart (remove)
  • Save record
    BIBTEX Dublin Core MARCXML MARC (non-Unicode/MARC-8) MARC (Unicode/UTF-8) MARC (Unicode/UTF-8, Standard) MODS (XML) RIS
  • More searches
    Search for this title in:
    Other Libraries (WorldCat) Other Databases (Google Scholar) Online Stores (Bookfinder.com) Open Library (openlibrary.org)

Exporting to Dublin Core...

SOUTHVILLE LIBRARY

Southville International School and Colleges Library

1281 Tropical Ave. Cor. Luxembourg St., BF Homes International, Las Pinas City

Tel. No. 8256374 / 252358 Loc. 117/146

Powered by Koha